[Event "Marseille op"]
[Site "Marseille"]
[Date "2006.07.01"]
[Round "2"]
[White "Dziuba, Marcin"]
[Black "Plantet, Sebastien"]
[Result "1-0"]
[WhiteElo "2502"]
[BlackElo "2343"]
[PlyCount "63"]
[EventDate "2006.06.30"]
[EventType "swiss"]
[EventRounds "9"]
[EventCountry "FRA"]
[SourceTitle "EXT 2007"]
[Source "ChessBase"]
[SourceDate "2006.11.23"]
[SourceVersion "1"]
[SourceVersionDate "2006.11.23"]
[SourceQuality "1"]

1. d4 Nf6 2. c4 e6 3. Nf3 Bb4+ 4. Nbd2 b6 5. a3 Bxd2+ 6. Qxd2 Bb7 7. g3 0-0 8. Bg2 Be4 9. 0-0 d6 10. b4 c6 11. Qc3 Qe7 12. Re1 Nbd7 13. Bf1 c5 14. dxc5 bxc5 15. Nd2 d5 16. Bb2 d4 17. Qb3 Bb7 18. e3 dxe3 19. Qxe3 Rfd8 20. b5 Rac8 21. a4 h6 22. Nb3 Ba8 23. Na5 Ng4 24. Qf4 Qg5 25. Qxg5 hxg5 26. h3 Ngf6 27. Bg2 Bxg2 28. Kxg2 Nb6 29. Nc6 Rd7 30. Rec1 Rcc7 31. Be5 Rb7 32. Na5 1-0

[Event "FRA-chT2 0405"]
[Site "France"]
[Date "2004.12.05"]
[Round "4.2"]
[White "Plantet, Sebastien"]
[Black "Lefebvre, Herve"]
[Result "1/2-1/2"]
[WhiteElo "2343"]
[BlackElo "2222"]
[PlyCount "96"]
[EventDate "2004.10.10"]
[EventType "team"]
[EventRounds "11"]
[EventCountry "FRA"]
[SourceTitle "EXT 2006"]
[Source "ChessBase"]
[SourceDate "2005.11.24"]
[SourceVersion "1"]
[SourceVersionDate "2005.11.24"]
[SourceQuality "1"]
[WhiteTeam "Paris NAO II"]
[BlackTeam "Gonfreville II"]
[WhiteTeamCountry "FRA"]
[BlackTeamCountry "FRA"]

1. c4 e5 2. Nc3 Nf6 3. Nf3 Nc6 4. g3 d5 5. cxd5 Nxd5 6. Bg2 Nb6 7. 0-0 Be7 8. d3 0-0 9. a3 Be6 10. b4 f6 11. Bb2 a5 12. b5 Nd4 13. Nxd4 exd4 14. Na4 Qd7 15. Nxb6 cxb6 16. a4 Bd5 17. Bxd5+ Qxd5 18. e4 dxe3 19. fxe3 Rfd8 20. d4 f5 21. Qd3 g6 22. Rfe1 Bb4 23. Re2 Re8 24. Rc1 Rac8 25. Rec2 Rxc2 26. Rxc2 Bd6 27. Bc1 Kf7 28. Qc4 Qxc4 29. Rxc4 Ke6 30. Kf2 Kd5 31. Rc3 Ke4 32. Bb2 h5 33. h3 g5 34. Rc4 Kd5 35. Rc3 Ke4 36. Ba3 Bxa3 37. Rxa3 Rc8 38. Ra2 Rc3 39. Rd2 Rc7 40. h4 g4 41. d5 Rd7 42. d6 Ke5 43. Ke2 Rxd6 44. Rc2 Rd7 45. Rc8 Re7 46. Kd3 Rd7+ 47. Ke2 Re7 48. Kd3 Rd7+ 1/2-1/2

[Event "FRA-chT2 0405"]
[Site "France"]
[Date "2004.11.07"]
[Round "3.2"]
[White "Dieu, Bruno"]
[Black "Plantet, Sebastien"]
[Result "0-1"]
[WhiteElo "2271"]
[BlackElo "2343"]
[PlyCount "108"]
[EventDate "2004.10.10"]
[EventType "team"]
[EventRounds "11"]
[EventCountry "FRA"]
[SourceTitle "EXT 2006"]
[Source "ChessBase"]
[SourceDate "2005.11.24"]
[SourceVersion "1"]
[SourceVersionDate "2005.11.24"]
[SourceQuality "1"]
[WhiteTeam "Tours"]
[BlackTeam "Paris NAO II"]
[WhiteTeamCountry "FRA"]
[BlackTeamCountry "FRA"]

1. Nc3 c5 2. Nf3 Nc6 3. d4 cxd4 4. Nxd4 g6 5. Nxc6 bxc6 6. Qd4 Nf6 7. Bg5 Bg7 8. Ne4 0-0 9. Bxf6 exf6 10. Nd6 f5 11. Qb4 Qc7 12. c3 c5 13. Qf4 Rb8 14. Qd2 Qa5 15. Nc4 Qb5 16. b3 d5 17. Nb2 Qa5 18. Nd1 Rxb3 19. axb3 Qxa1 20. e3 f4 21. Bb5 fxe3 22. fxe3 Qa5 23. c4 Qxd2+ 24. Kxd2 Bb7 25. Nc3 a6 26. Ba4 dxc4 27. bxc4 Bxg2 28. Rb1 Bxc3+ 29. Kxc3 Rd8 30. Rb6 Be4 31. Bc2 Bxc2 32. Kxc2 Re8 33. Kd3 Re6 34. Rb8+ Kg7 35. Rc8 Re5 36. Rc6 Rh5 37. Ke4 a5 38. Ra6 Rxh2 39. Kd5 Rh5+ 40. Kd6 Rg5 41. Rxa5 h5 42. e4 h4 43. Ra3 f6 44. Ra7+ Kh6 45. Ra1 Re5 46. Rf1 Kg7 47. Rh1 g5 48. Rh2 Kg6 49. Rh1 Kh5 50. Rf1 Rxe4 51. Kxc5 Rf4 52. Rc1 g4 53. Kd5 g3 54. c5 g2 0-1

[Event "FRA-ch Accession"]
[Site "Val d'Isere"]
[Date "2004.08.20"]
[Round "4"]
[White "Plantet, Sebastien"]
[Black "Collas, Didier"]
[Result "1/2-1/2"]
[WhiteElo "2307"]
[BlackElo "2422"]
[PlyCount "107"]
[EventDate "2004.08.16"]
[EventType "swiss"]
[EventRounds "11"]
[EventCountry "FRA"]
[SourceTitle "CBM 103 Extra"]
[Source "ChessBase"]
[SourceDate "2005.01.01"]
[SourceVersion "1"]
[SourceVersionDate "2005.01.01"]
[SourceQuality "1"]

1. c4 e6 2. Nc3 d5 3. d4 c6 4. e3 Nf6 5. Nf3 Nbd7 6. Bd3 dxc4 7. Bxc4 b5 8. Be2 Bb7 9. 0-0 Be7 10. e4 b4 11. e5 bxc3 12. exf6 Bxf6 13. bxc3 c5 14. dxc5 0-0 15. Ba3 Be7 16. Qd4 Rc8 17. c6 Rxc6 18. Bxe7 Qxe7 19. Qxa7 Nc5 20. Rab1 Rc7 21. Qa5 Bxf3 22. Bxf3 Ra7 23. Qb4 Rxa2 24. Ra1 Rxa1 25. Rxa1 g6 26. h4 h5 27. Ra5 Rc8 28. Bb7 Qxb7 29. Rxc5 Qa8 30. Rxc8+ Qxc8 31. c4 Qd8 32. c5 Qd1+ 33. Kh2 Qd5 34. g3 Qf3 35. Qd4 Kf8 36. Qd8+ Kg7 37. Kg1 Qc3 38. Qd6 Qe1+ 39. Kg2 Qe4+ 40. Kh2 Qf3 41. Kg1 Qa3 42. Kg2 Qb4 43. Qe5+ Kf8 44. c6 Ke8 45. Qc7 Qe4+ 46. Kg1 Qe1+ 47. Kg2 Qe4+ 48. Kh2 Qd4 49. Qb8+ Ke7 50. Qb7+ Ke8 51. Qa8+ Ke7 52. Qa3+ Ke8 53. Qa8+ Ke7 54. Qa3+ 1/2-1/2

[Event "France-ch U20"]
[Site "Reims"]
[Date "2004.04.20"]
[Round "4"]
[White "Plantet, Sebastien"]
[Black "Le Pape, Jeremy"]
[Result "1/2-1/2"]
[WhiteElo "2308"]
[BlackElo "2125"]
[PlyCount "36"]
[EventDate "2004.04.??"]
[EventType "swiss"]
[EventRounds "9"]
[EventCountry "FRA"]
[SourceTitle "EXT 2005"]
[Source "ChessBase"]
[SourceDate "2004.11.15"]
[SourceVersion "1"]
[SourceVersionDate "2004.11.15"]
[SourceQuality "1"]

1. c4 Nf6 2. Nc3 c5 3. Nf3 g6 4. d4 Bg7 5. e4 cxd4 6. Nxd4 d6 7. Be2 Nc6 8. Be3 Bd7 9. 0-0 Rc8 10. f3 0-0 11. Qd2 Nh5 12. f4 Nxd4 13. Bxd4 Nxf4 14. Rxf4 Bxd4+ 15. Qxd4 e5 16. Qxd6 exf4 17. Nd5 Kg7 18. Qxf4 Bc6 1/2-1/2

[Event "Montigny le Bretonneux Noel op 06th"]
[Site "Montigny le Bretonneux"]
[Date "2003.12.29"]
[Round "5"]
[White "Sanchez, Louis"]
[Black "Plantet, Sebastien"]
[Result "1/2-1/2"]
[WhiteElo "2249"]
[BlackElo "2301"]
[PlyCount "82"]
[EventDate "2003.12.26"]
[EventType "swiss"]
[EventRounds "6"]
[EventCountry "FRA"]
[SourceTitle "CBM 097 Extra"]
[Source "ChessBase"]
[SourceDate "2004.01.13"]
[SourceVersion "1"]
[SourceVersionDate "2004.01.13"]
[SourceQuality "1"]

1. e4 c5 2. Nf3 Nc6 3. d4 cxd4 4. Nxd4 g6 5. c4 Bg7 6. Be3 Nf6 7. Nc3 0-0 8. Be2 d6 9. 0-0 Bd7 10. Qd2 Nxd4 11. Bxd4 Bc6 12. f3 a5 13. b3 Nd7 14. Be3 Nc5 15. Rab1 e6 16. Rfc1 b6 17. Bf1 Ra7 18. Rc2 Rd7 19. Bg5 f6 20. Bh4 g5 21. Bf2 g4 22. a3 gxf3 23. gxf3 f5 24. b4 Bxc3 25. Qxc3 Rg7+ 26. Bg3 Na4 27. Qb3 f4 28. c5 fxg3 29. Qxe6+ Kh8 30. cxd6 gxh2+ 31. Kh1 Re8 32. Qh6 Bxe4 33. fxe4 Rg1+ 34. Kxh2 Rg6 35. Qf4 Rf6 36. Qg3 Rxd6 37. Rg2 Rh6+ 38. Kg1 Qd4+ 39. Qf2 Qxf2+ 40. Kxf2 Nc3 41. Re1 axb4 1/2-1/2

[Event "Montigny le Bretonneux Noel op 06th"]
[Site "Montigny le Bretonneux"]
[Date "2003.12.28"]
[Round "4"]
[White "Plantet, Sebastien"]
[Black "Baron, Daniel"]
[Result "1-0"]
[WhiteElo "2301"]
[BlackElo "2167"]
[PlyCount "41"]
[EventDate "2003.12.26"]
[EventType "swiss"]
[EventRounds "6"]
[EventCountry "FRA"]
[SourceTitle "CBM 097 Extra"]
[Source "ChessBase"]
[SourceDate "2004.01.13"]
[SourceVersion "1"]
[SourceVersionDate "2004.01.13"]
[SourceQuality "1"]

1. c4 e6 2. Nc3 f5 3. e4 fxe4 4. d3 e3 5. Bxe3 Nf6 6. d4 d5 7. a3 c6 8. Bd3 Bd6 9. Nf3 Nbd7 10. 0-0 0-0 11. Re1 Re8 12. Bg5 b6 13. b4 Bb7 14. c5 Bc7 15. Ne5 Qb8 16. f4 a5 17. b5 Nxe5 18. fxe5 Ne4 19. Nxe4 dxe4 20. Bxe4 cxb5 21. Qh5 1-0

[Event "Montigny le Bretonneux Noel op 06th"]
[Site "Montigny le Bretonneux"]
[Date "2003.12.26"]
[Round "1"]
[White "Lallemand, Daniel"]
[Black "Plantet, Sebastien"]
[Result "0-1"]
[WhiteElo "1760"]
[BlackElo "2301"]
[PlyCount "44"]
[EventDate "2003.12.26"]
[EventType "swiss"]
[EventRounds "6"]
[EventCountry "FRA"]
[SourceTitle "CBM 097 Extra"]
[Source "ChessBase"]
[SourceDate "2004.01.13"]
[SourceVersion "1"]
[SourceVersionDate "2004.01.13"]
[SourceQuality "1"]

1. e4 c5 2. Nf3 Nc6 3. d4 cxd4 4. Nxd4 g6 5. Nc3 Bg7 6. Be3 Nf6 7. Be2 0-0 8. 0-0 d6 9. h3 Bd7 10. Qd2 a6 11. Rab1 Re8 12. Rfd1 Rc8 13. f4 e5 14. Nxc6 Bxc6 15. Qxd6 Qxd6 16. Rxd6 exf4 17. e5 Nh5 18. Bd4 Bxe5 19. Bxe5 Rxe5 20. Rbd1 Ng3 21. Bc4 Kg7 22. h4 Nf5 0-1

[Event "FRA-ch Accession"]
[Site "Aix les Bains"]
[Date "2003.08.19"]
[Round "4"]
[White "Tournier, Mathieu"]
[Black "Plantet, Sebastien"]
[Result "1/2-1/2"]
[WhiteElo "2173"]
[BlackElo "2304"]
[PlyCount "41"]
[EventDate "2003.08.19"]
[EventType "swiss"]
[EventRounds "11"]
[EventCountry "FRA"]
[SourceTitle "EXT 2004"]
[Source "ChessBase"]
[SourceDate "2003.11.25"]
[SourceVersion "1"]
[SourceVersionDate "2003.11.25"]
[SourceQuality "1"]

1. e4 c5 2. c3 d5 3. exd5 Qxd5 4. d4 Nc6 5. Nf3 Bg4 6. dxc5 Qxd1+ 7. Kxd1 Nf6 8. Be3 Nd5 9. h3 Rd8 10. Nbd2 Bxf3+ 11. gxf3 e6 12. Bb5 Nxe3+ 13. fxe3 Bxc5 14. Ke2 a6 15. Bxc6+ bxc6 16. Nc4 Rd5 17. Rad1 Ke7 18. Ne5 Rc8 19. Rhg1 g6 20. Rxd5 cxd5 21. Rg4 1/2-1/2

[Event "Paris Apsap op 39th"]
[Site "Paris"]
[Date "2003.02.16"]
[Round "7"]
[White "Plantet, Sebastien"]
[Black "Le, Remy"]
[Result "1-0"]
[WhiteElo "2304"]
[BlackElo "2052"]
[PlyCount "65"]
[EventDate "2003.02.23"]
[EventType "swiss"]
[EventRounds "7"]
[EventCountry "FRA"]
[SourceTitle "EXT 2004"]
[Source "ChessBase"]
[SourceDate "2003.11.25"]
[SourceVersion "1"]
[SourceVersionDate "2003.11.25"]
[SourceQuality "1"]

1. c4 g6 2. Nc3 Bg7 3. g3 Nf6 4. Bg2 c6 5. e4 e5 6. Nf3 d6 7. d4 Qe7 8. 0-0 0-0 9. h3 Nbd7 10. Be3 h6 11. Qc2 a6 12. c5 dxc5 13. dxe5 Nxe5 14. Nxe5 Qxe5 15. f4 Qc7 16. Bxc5 Re8 17. e5 Nh7 18. Qf2 Be6 19. Bb6 Qc8 20. g4 f5 21. exf6 Nxf6 22. Qc2 Kh7 23. Ne4 Qd7 24. Rad1 Nd5 25. Nc5 Qe7 26. Nxe6 Qxe6 27. f5 gxf5 28. gxf5 Qf6 29. Bd4 Qxd4+ 30. Rxd4 Bxd4+ 31. Kh1 Nf6 32. Qc4 c5 33. Qf7+ 1-0

[Event "Glorney Cup"]
[Site "Dublin"]
[Date "2000.07.27"]
[Round "5"]
[White "Smeets, Jan"]
[Black "Plantet, Sebastien"]
[Result "1-0"]
[WhiteElo "2183"]
[BlackElo "2328"]
[PlyCount "99"]
[EventDate "2000.07.24"]
[EventType "team"]
[EventRounds "5"]
[EventCountry "IRL"]
[SourceTitle "EXT 2001"]
[Source "ChessBase"]
[SourceDate "2000.11.22"]
[SourceVersion "1"]
[SourceVersionDate "2000.11.22"]
[SourceQuality "1"]

1. e4 c5 2. Nf3 Nc6 3. d4 cxd4 4. Nxd4 g6 5. Nc3 Bg7 6. Be3 Nf6 7. Be2 0-0 8. 0-0 d5 9. exd5 Nxd5 10. Nxd5 Nxd4 11. Bxd4 Qxd5 12. Bxg7 Qxd1 13. Rfxd1 Kxg7 14. c4 Be6 15. c5 Rac8 16. b4 b6 17. cxb6 axb6 18. a4 Rc2 19. Bf3 Rc4 20. a5 Rxb4 21. a6 Bg4 22. Bxg4 Rxg4 23. Rdb1 Rc4 24. Rxb6 Rfc8 25. Kf1 Rc1+ 26. Rxc1 Rxc1+ 27. Ke2 Rc2+ 28. Ke3 Ra2 29. Kd4 f5 30. Kc5 Rxf2 31. a7 Ra2 32. Rb7 Kf6 33. Kb6 Rb2+ 34. Kc7 Ra2 35. Rb6+ Kg5 36. Kb7 Rxa7+ 37. Kxa7 e5 38. Rb3 e4 39. Kb6 f4 40. Kc5 e3 41. Kd4 Kg4 42. Ke4 h5 43. Rb2 h4 44. Ra2 g5 45. Rb2 h3 46. gxh3+ Kxh3 47. Kf3 g4+ 48. Kxf4 g3 49. hxg3 e2 50. Rb1 1-0

[Event "Glorney Cup"]
[Site "Dublin"]
[Date "2000.07.24"]
[Round "1"]
[White "Dooley, Michael"]
[Black "Plantet, Sebastien"]
[Result "1/2-1/2"]
[WhiteElo "2146"]
[BlackElo "2328"]
[PlyCount "89"]
[EventDate "2000.07.24"]
[EventType "team"]
[EventRounds "5"]
[EventCountry "IRL"]
[SourceTitle "EXT 2001"]
[Source "ChessBase"]
[SourceDate "2000.11.22"]
[SourceVersion "1"]
[SourceVersionDate "2000.11.22"]
[SourceQuality "1"]

1. c4 c5 2. g3 g6 3. Bg2 Bg7 4. Nc3 Nc6 5. a3 e6 6. b4 Nge7 7. Rb1 cxb4 8. axb4 d6 9. b5 Ne5 10. Qa4 0-0 11. d4 Nd7 12. Nf3 Qc7 13. Qb4 a5 14. bxa6 bxa6 15. Ba3 Nf5 16. 0-0 Rb8 17. Qa4 Rxb1 18. Rxb1 Nxd4 19. Nxd4 Bxd4 20. Ne4 Nc5 21. Qd1 Be5 22. f4 Nxe4 23. Bxe4 Qxc4 24. fxe5 Qxe4 25. Qd3 Qxd3 26. exd3 Bd7 27. Bxd6 Rc8 28. Rb8 Rxb8 29. Bxb8 Kf8 30. Kf2 Bb5 31. Ke3 Ke8 32. Bc7 Kd7 33. Ba5 Kc6 34. Kd4 Ba4 35. Kc4 Bd1 36. h4 Bf3 37. Bd8 Bd5+ 38. Kb4 Ba2 39. Kc3 Kb5 40. g4 Bd5 41. Bc7 a5 42. Bd8 Bg2 43. g5 Bf3 44. Bc7 Bd1 45. Bd8 1/2-1/2

[Event "FRA-chT U20"]
[Site "Pau"]
[Date "2000.??.??"]
[Round "7"]
[White "Plantet, Sebastien"]
[Black "Cornette, Matthieu"]
[Result "1-0"]
[WhiteElo "2243"]
[BlackElo "2119"]
[PlyCount "60"]
[EventDate "2000.??.??"]
[EventType "team-swiss"]
[EventCountry "FRA"]
[SourceTitle "EXT 2001"]
[Source "ChessBase"]
[SourceDate "2000.11.22"]
[SourceVersion "1"]
[SourceVersionDate "2000.11.22"]
[SourceQuality "1"]

1. h4 h5 2. c4 d6 3. Nc3 g6 4. Nf3 Bg7 5. g3 e5 6. d4 Nc6 7. dxe5 dxe5 8. Qxd8+ Nxd8 9. Nb5 e4 10. Nxc7+ Kd7 11. Bf4 Ne6 12. 0-0-0+ Kc6 13. Rd6+ Kxc7 14. Rxe6+ Kd8 15. Rxe4 Bf5 16. Bg5+ Kd7 17. Re3 Rc8 18. b3 f6 19. g4 Bxg4 20. Rd3+ Ke8 21. Bd2 Ne7 22. Nd4 Kf7 23. Nb5 Kg8 24. f3 Bf5 25. e4 Be6 26. Rd6 Bf7 27. Rd7 Bf8 28. Rxb7 Nc6 29. Nxa7 Ba3+ 30. Kd1 Nb8 1-0

[Event "FRA-ch qual"]
[Site "Bescanon"]
[Date "1999.08.18"]
[Round "1"]
[White "Plantet, Sebastien"]
[Black "Leroy, Didier"]
[Result "0-1"]
[WhiteElo "2179"]
[BlackElo "2325"]
[PlyCount "122"]
[EventDate "1999.08.18"]
[EventType "swiss"]
[EventRounds "11"]
[EventCountry "FRA"]
[SourceTitle "EXT 2000"]
[Source "ChessBase"]
[SourceDate "1999.11.16"]
[SourceVersion "1"]
[SourceVersionDate "1999.11.16"]
[SourceQuality "1"]

1. c4 g6 2. Nc3 c5 3. Nf3 Bg7 4. g3 Nc6 5. Bg2 a6 6. 0-0 Nh6 7. e4 d6 8. d3 0-0 9. h3 f5 10. Rb1 Nf7 11. Bd2 Rb8 12. a3 Nd4 13. b4 Nxf3+ 14. Qxf3 Ne5 15. Qe2 Nc6 16. Qd1 Nd4 17. f4 cxb4 18. axb4 b5 19. cxb5 axb5 20. Kh2 Bb7 21. Be3 Qd7 22. Ne2 Nc6 23. d4 e6 24. d5 Ne7 25. Bd4 fxe4 26. Bxg7 Kxg7 27. dxe6 Qxe6 28. Nd4 Qf6 29. Nxb5 Ba6 30. Nxd6 Rfd8 31. Nxe4 Rxd1 32. Nxf6 Rxf1 33. Bxf1 Bxf1 34. Nh5+ gxh5 35. Rxf1 Rxb4 36. Rf2 Rb3 37. Ra2 Rb6 38. Ra5 Kg6 39. Rg5+ Kh6 40. g4 Rb2+ 41. Kg1 hxg4 42. hxg4 Rb4 43. Rh5+ Kg7 44. Kg2 Rxf4 45. Kg3 Ra4 46. Rb5 Ng8 47. Kh3 Kg6 48. Rb7 Nf6 49. Rb6 Rd4 50. Re6 h6 51. Ra6 Kg5 52. Ra5+ Rd5 53. Ra3 Nxg4 54. Rg3 h5 55. Ra3 Re5 56. Ra8 Re3+ 57. Kg2 Kh4 58. Ra2 Rg3+ 59. Kh1 Rh3+ 60. Kg1 Rc3 61. Kg2 Rc2+ 0-1

[Event "Saint Quentin op"]
[Site "Saint Quentin"]
[Date "1999.04.19"]
[Round "3"]
[White "Brochet, Philippe"]
[Black "Plantet, Sebastien"]
[Result "1-0"]
[WhiteElo "2351"]
[BlackElo "2153"]
[PlyCount "61"]
[EventDate "1999.04.??"]
[EventType "swiss"]
[EventRounds "9"]
[EventCountry "FRA"]
[SourceTitle "EXT 2000"]
[Source "ChessBase"]
[SourceDate "1999.11.16"]
[SourceVersion "1"]
[SourceVersionDate "1999.11.16"]
[SourceQuality "1"]

1. e4 c5 2. Nf3 Nc6 3. Bb5 Nf6 4. e5 Nd5 5. 0-0 e6 6. Re1 b6 7. Bxc6 dxc6 8. d3 Be7 9. Nbd2 Bb7 10. Ne4 h6 11. Nfd2 f5 12. exf6 gxf6 13. Qh5+ Kd7 14. Nf3 Qg8 15. Rd1 Rd8 16. c4 Nc7 17. a4 Kc8 18. a5 Qg7 19. Be3 Kb8 20. Nc3 Na6 21. Na4 Kc7 22. d4 bxa5 23. Nxc5 Nxc5 24. dxc5 f5 25. Nd4 Qf6 26. Nb3 Rxd1+ 27. Rxd1 e5 28. f4 a4 29. fxe5 Qf8 30. Nd4 Bc8 31. Qf3 1-0

[Event "Saint Quentin op"]
[Site "Saint Quentin"]
[Date "1999.04.18"]
[Round "2"]
[White "Afek, Yochanan"]
[Black "Plantet, Sebastien"]
[Result "1-0"]
[WhiteElo "2362"]
[BlackElo "2153"]
[PlyCount "69"]
[EventDate "1999.04.??"]
[EventType "swiss"]
[EventRounds "9"]
[EventCountry "FRA"]
[SourceTitle "EXT 2000"]
[Source "ChessBase"]
[SourceDate "1999.11.16"]
[SourceVersion "1"]
[SourceVersionDate "1999.11.16"]
[SourceQuality "1"]

1. e4 c5 2. Nf3 Nc6 3. c3 d5 4. exd5 Qxd5 5. d4 cxd4 6. cxd4 e5 7. Nc3 Bb4 8. Bd2 Bxc3 9. Bxc3 e4 10. Ne5 Nxe5 11. dxe5 Ne7 12. g3 0-0 13. Bg2 Bf5 14. 0-0 Rfd8 15. Re1 Rac8 16. Qa4 b5 17. Qb3 Rd7 18. Qxd5 Nxd5 19. Ba5 Rc2 20. Rac1 Rxc1 21. Rxc1 f6 22. exf6 Nxf6 23. h3 Nd5 24. Rc5 a6 25. Kh2 Ne7 26. Re5 Nc6 27. Rxf5 Nxa5 28. Bxe4 g6 29. Rd5 Re7 30. f3 Nc4 31. b3 Ne3 32. Rd3 Nc2 33. Rd6 a5 34. Ra6 a4 35. bxa4 1-0